00424nam a2200157Ia 45000010006000000050017000060080041000230410008000640820015000721000033000872450093001202600009002133000028002226500008002506540008002582523220260414151136.0260414t2017||||xx |||||||||||||| ||spa|| aESP a346.4bV66 aVillanueva Haro, BenitoeAUT 0aEl proceso de ejecución de garantías en el derecho peruano :bproblemas y soluciones c2017 a159 páginas :c24 cm. aDER aCDE